The caring father: (Record no. 14711)

000 -LEADER
fixed length control field 00683nam a2200217 a 4500
001 - CONTROL NUMBER
control field :::00012544$&:&@@
003 - CONTROL NUMBER IDENTIFIER
control field OkBaRHE
005 - DATE AND TIME OF LATEST TRANSACTION
control field 20100402121927.0
008 - FIXED-LENGTH DATA ELEMENTS--GENERAL INFORMATION
fixed length control field s1983 j 000 0 eng u
020 ## - INTERNATIONAL STANDARD BOOK NUMBER
International Standard Book Number 0805456546 (pbk.)
040 ## - CATALOGING SOURCE
Transcribing agency
100 1# - MAIN ENTRY--PERSONAL NAME
Personal name Grant, Wilson Wayne, 1941-
245 14 - TITLE STATEMENT
Title The caring father:
Remainder of title dad, you can be the father your children need.
260 ## - PUBLICATION, DISTRIBUTION, ETC. (IMPRINT)
Place of publication, distribution, etc Nashville, TN., :
Name of publisher, distributor, etc Broadman Press
Date of publication, distribution, etc 1983
300 ## - PHYSICAL DESCRIPTION
Extent 155 p. ;
Dimensions 21 cm.
650 ## - SUBJECT ADDED ENTRY--TOPICAL TERM
Topical term or geographic name as entry element Family
General subdivision Religious Life
650 ## - SUBJECT ADDED ENTRY--TOPICAL TERM
Topical term or geographic name as entry element Fathers
650 ## - SUBJECT ADDED ENTRY--TOPICAL TERM
Topical term or geographic name as entry element Parenting
942 ## - ADDED ENTRY ELEMENTS (KOHA)
Source of classification or shelving scheme
Koha item type Books
Copies
Price effective from Lost status Withdrawn status Damaged status Barcode Copy number Date last seen Permanent Location Source of classification or shelving scheme Koha item type Date acquired Full call number Shelving location Not for loan
2010-04-14   1254412010-04-14RHEMA Bible Training College Books2010-04-14HQ 756 .G63 1983General Stacks